Tangible strategies for intangible assets : (Record no. 13748)

000 -LEADER
fixed length control field 00694pam a22001814a 4500
020 ## - INTERNATIONAL STANDARD BOOK NUMBER
ISBN 0071412867 (hardcover : alk. paper)
040 ## - CATALOGING SOURCE
Transcribing agency DLC
082 00 - DEWEY DECIMAL CLASSIFICATION NUMBER
Classification number 658 MCG 2005 A048 Or.
100 1# - MAIN ENTRY--AUTHOR NAME
Personal name Berry, John,
245 10 - TITLE STATEMENT
Title Tangible strategies for intangible assets :
Remainder of title how to manage and measure your company's brand, patents, intellectual property, and other sources of value /
260 ## - PUBLICATION, DISTRIBUTION, ETC. (IMPRINT)
Place of publication New York :
Name of publisher McGraw-Hill,
Year of publication c2005.
300 ## - PHYSICAL DESCRIPTION
Number of Pages ix, 325 p. :
Other physical details ill. ;
Dimensions 24 cm.
650 #0 - SUBJECT ADDED ENTRY--TOPICAL TERM
Topical Term Intangible property
650 #0 - SUBJECT ADDED ENTRY--TOPICAL TERM
Topical Term Intangible property
856 42 - ELECTRONIC LOCATION AND ACCESS
Uniform Resource Identifier http://www.loc.gov/catdir/description/mh051/2004012351.html
856 42 - ELECTRONIC LOCATION AND ACCESS
Uniform Resource Identifier http://www.loc.gov/catdir/bios/mh051/2004012351.html
942 ## - ADDED ENTRY ELEMENTS (KOHA)
Koha item type សៀវភៅភាសាអង់គ្លេស
952 ## - LOCATION AND ITEM INFORMATION (KOHA)
Withdrawn status [LOCAL, KOHA] 0
Holdings
Permanent Location Date acquired Koha item type Lost status Shelving location Barcode Current Location Full call number
Library Block A2017-08-30សៀវភៅភាសាអង់គ្លេស A048A17999Library Block A658 MCG 2005 A048 Or.
មជ្ឈមណ្ឌលឯការនៃសាកលវិទ្យាល័យភូមិន្ទកសិកម្មចំការដូង

Powered by Koha